00373nam a2200121Ia 4500008004100000082001500041100003600056245003100092260005800123300000800181630003100189730003100220100122s9999 xx 000 0 und d b31594a823 aकर्नल रंजित aखुन का जाल bहिंदी पॉकेट बुक्सc1979 a224 aखुन का जाल aखुन का जाल